[Event "Olimpiada Calviá 2004"]
[Site "Calviá ESP"]
[Date "2004.10.19"]
[Round "5.36"]
[White "Erdogdu, Mert"]
[Black "Dive, Russell John"]
[Result "1/2-1/2"]
[WhiteElo "2393"]
[BlackElo "2334"]
[PlyCount "77"]
[EventDate "2004.10.15"]
[EventType "team"]
[EventRounds "14"]
[EventCountry "ESP"]
[Source "lmi"]
[SourceDate "2004.10.27"]

1. e4 Nf6 2. e5 Nd5 3. c4 Nb6 4. d4 d6 5. exd6 cxd6 6. Nc3 g6 7. Be3 Bg7 8. Rc1
O-O 9. b3 Nc6 10. d5 Nb8 11. Be2 e5 12. dxe6 Bxe6 13. Bf3 Nc6 14. Nge2 Nc8 15.
O-O N8e7 16. Nd4 Qd7 17. Ne4 Rad8 18. Qd2 b6 19. Nxc6 Nxc6 20. Rfd1 Ne5 21.
Qxd6 Nxf3+ 22. gxf3 Qxd6 23. Nxd6 Rd7 24. Nb5 Rfd8 25. Rxd7 Rxd7 26. Kf1 Bf5
27. Nc3 Bxc3 28. Rxc3 Rd1+ 29. Kg2 Ra1 30. b4 Rxa2 31. c5 bxc5 32. bxc5 a5 33.
Bd4 g5 34. Rb3 h6 35. Rb8+ Kh7 36. Rb7 Kg6 37. c6 Rc2 38. c7 a4 39. Ra7 1/2-1/2

[Event "Olimpiada Calviá 2004"]
[Site "Calviá ESP"]
[Date "2004.10.19"]
[Round "5.36"]
[White "Wang, Puchen"]
[Black "Yilmaz, Turhan"]
[Result "0-1"]
[WhiteElo "2236"]
[BlackElo "2361"]
[PlyCount "78"]
[EventDate "2004.10.15"]
[EventType "team"]
[EventRounds "14"]
[EventCountry "ESP"]
[Source "lmi"]
[SourceDate "2004.10.27"]

1. e4 e6 2. d4 d5 3. e5 c5 4. c3 Nc6 5. Nf3 Qb6 6. Bd3 cxd4 7. cxd4 Nh6 8. Nc3
Bd7 9. Ne2 Nf5 10. Bxf5 exf5 11. O-O Be6 12. Rb1 h6 13. h4 Be7 14. Be3 O-O-O
15. b4 Kb8 16. h5 Rdg8 17. Nf4 Bg5 18. Qd2 Bxf4 19. Bxf4 g5 20. hxg6 fxg6 21.
Bxh6 Qc7 22. Rb3 g5 23. Bxg5 Qh7 24. Bh4 Rg4 25. Rd1 f4 26. Kf1 Rxh4 27. Nxh4
Qxh4 28. Ke2 Bf5 29. b5 Nd8 30. Rg1 Qh2 31. Kf1 Ne6 32. Qb4 Qh7 33. f3 Bd3+ 34.
Ke1 Bc4 35. Rc3 Qh4+ 36. Kd1 Nxd4 37. Re1 Qf2 38. Rc1 Be2+ 39. Kd2 Qe3# 0-1

[Event "Olimpiada Calviá 2004"]
[Site "Calviá ESP"]
[Date "2004.10.19"]
[Round "5.37"]
[White "Eid, Fadi"]
[Black "Bachmann, Axel"]
[Result "1/2-1/2"]
[WhiteElo "2357"]
[BlackElo "2282"]
[PlyCount "80"]
[EventDate "2004.10.15"]
[EventType "team"]
[EventRounds "14"]
[EventCountry "ESP"]
[Source "lmi"]
[SourceDate "2004.10.27"]

1. e4 d6 2. d4 Nf6 3. Nc3 g6 4. Be3 Bg7 5. Qd2 c6 6. Nf3 O-O 7. h3 b5 8. Bd3
Qc7 9. a4 b4 10. Ne2 c5 11. c3 c4 12. Bb1 b3 13. g4 e5 14. d5 Na6 15. Ng3 Nc5
16. Bh6 Rd8 17. Qe3 Bh8 18. Nd2 Ncd7 19. Qe2 Nc5 20. f3 a5 21. h4 Ba6 22. h5
Qd7 23. Nf5 Ne8 24. Ne3 Nxa4 25. Ndxc4 Rdc8 26. Bd3 Nc5 27. Bb1 Na4 28. Bd3 Nc5
29. Bb1 a4 30. Qh2 Qc7 31. Na3 Bf6 32. hxg6 fxg6 33. Nf1 Qe7 34. Be3 Ra7 35.
Qd2 Bh4+ 36. Kd1 Qf6 37. Nh2 Bg3 38. Qg2 Bxh2 39. Rxh2 Rf7 40. Rh3 Qe7 1/2-1/2

[Event "Olimpiada Calviá 2004"]
[Site "Calviá ESP"]
[Date "2004.10.19"]
[Round "5.37"]
[White "Jodorcovsky, Paulo"]
[Black "Kassis, Antoine"]
[Result "1/2-1/2"]
[WhiteElo "2278"]
[BlackElo "2221"]
[PlyCount "73"]
[EventDate "2004.10.15"]
[EventType "team"]
[EventRounds "14"]
[EventCountry "ESP"]
[Source "lmi"]
[SourceDate "2004.10.27"]

1. e4 c5 2. Nf3 Nc6 3. Bb5 d6 4. O-O Bd7 5. Re1 Nf6 6. c3 a6 7. Bxc6 Bxc6 8. d4
Bxe4 9. Bg5 Bd5 10. Bxf6 gxf6 11. Nbd2 c4 12. Nh4 h5 13. b3 b5 14. bxc4 bxc4
15. Nf5 Be6 16. Ne4 d5 17. Qa4+ Qd7 18. Qxd7+ Kxd7 19. Nc5+ Kc7 20. Nxe6+ fxe6
21. Rxe6 Kd7 22. Rae1 Rh7 23. Rb6 Ra7 24. Ree6 a5 25. Ne3 Bh6 26. Nxd5 a4 27.
f4 Ra5 28. Ne3 Bxf4 29. Nxc4 Ra7 30. Ne3 Bc7 31. Ra6 Rb7 32. Nc4 Rb1+ 33. Kf2
Bxh2 34. d5 Bg1+ 35. Kf3 Rc1 36. Rxa4 Rxc3+ 37. Ne3 1/2-1/2

[Event "Olimpiada Calviá 2004"]
[Site "Calviá ESP"]
[Date "2004.10.19"]
[Round "5.38"]
[White "Dervishi, Erald"]
[Black "De La Riva Aguado, Oscar"]
[Result "1/2-1/2"]
[WhiteElo "2502"]
[BlackElo "2528"]
[PlyCount "80"]
[EventDate "2004.10.15"]
[EventType "team"]
[EventRounds "14"]
[EventCountry "ESP"]
[Source "lmi"]
[SourceDate "2004.10.27"]

1. e4 c5 2. Nf3 Nc6 3. d4 cxd4 4. Nxd4 e6 5. Nb5 d6 6. c4 Nf6 7. N1c3 a6 8. Na3
Be7 9. Be2 O-O 10. O-O b6 11. Be3 Ne5 12. f3 Bb7 13. Qd2 d5 14. cxd5 exd5 15.
exd5 Bxd5 16. Rfd1 Bb7 17. Qxd8 Bxd8 18. Nc4 Nxc4 19. Bxc4 Re8 20. Bf2 b5 21.
Bb3 Rc8 22. Rac1 Bc7 23. a3 Bf4 24. Rc2 Rcd8 25. Rxd8 Rxd8 26. Re2 Bd6 27. Bb6
Rc8 28. Bd4 Kf8 29. Kf2 Nd7 30. Rd2 Bc5 31. Ba2 Ne5 32. Bxc5+ Rxc5 33. Ke3 Rc7
34. Rd4 Nc6 35. Rd2 Ne5 36. h3 Ke7 37. Rd4 g5 38. f4 gxf4+ 39. Kxf4 Ng6+ 40.
Kg3 Rc5 1/2-1/2

[Event "Olimpiada Calviá 2004"]
[Site "Calviá ESP"]
[Date "2004.10.19"]
[Round "5.38"]
[White "Oms Pallise, Josep"]
[Black "Rama, Lorenc"]
[Result "1-0"]
[WhiteElo "2508"]
[BlackElo "2347"]
[PlyCount "88"]
[EventDate "2004.10.15"]
[EventType "team"]
[EventRounds "14"]
[EventCountry "ESP"]
[Source "lmi"]
[SourceDate "2004.10.27"]

1. d4 Nf6 2. c4 e6 3. Nf3 Bb4+ 4. Bd2 Bxd2+ 5. Qxd2 d5 6. e3 O-O 7. Nc3 Qe7 8.
Rb1 dxc4 9. Bxc4 c5 10. O-O Nc6 11. Qe2 cxd4 12. exd4 Rd8 13. Rbd1 Na5 14. Bd3
b6 15. d5 Qf8 16. dxe6 Bxe6 17. h3 Rxd3 18. Qxd3 Bc4 19. Qd4 Bxf1 20. Kxf1 Nb7
21. Ne5 Rd8 22. Qa4 Rxd1+ 23. Qxd1 Qe8 24. Qd4 h6 25. Nd3 Qd7 26. Qxd7 Nxd7 27.
Nb5 a5 28. Ke2 Kf8 29. Ke3 Nbc5 30. Nf4 Ke7 31. Nd5+ Ke6 32. Kd4 g6 33. b3 Na6
34. f4 h5 35. g3 f6 36. g4 hxg4 37. hxg4 Nac5 38. f5+ gxf5 39. Nf4+ Kf7 40.
gxf5 Ne5 41. Kd5 a4 42. b4 Ncd3 43. Nxd3 Nxd3 44. a3 Kg7 1-0

[Event "Olimpiada Calviá 2004"]
[Site "Calviá ESP"]
[Date "2004.10.19"]
[Round "5.38"]
[White "Karkanaqe, Ilir"]
[Black "Monell Camarasa, David"]
[Result "1-0"]
[WhiteElo "2382"]
[BlackElo "2263"]
[PlyCount "109"]
[EventDate "2004.10.15"]
[EventType "team"]
[EventRounds "14"]
[EventCountry "ESP"]
[Source "lmi"]
[SourceDate "2004.10.27"]

1. Nf3 d5 2. d4 Nf6 3. c4 c6 4. Nc3 dxc4 5. a4 Bf5 6. Ne5 Nbd7 7. Nxc4 Nb6 8.
Ne3 Be6 9. g3 a5 10. Bg2 g6 11. O-O Bg7 12. Nc2 h5 13. Bg5 Nh7 14. Bf4 g5 15.
Be3 h4 16. Ne4 Bd5 17. Qd3 e6 18. Nc3 Bxg2 19. Kxg2 g4 20. f3 Nf6 21. Bg5 Nbd5
22. e4 Nh5 23. Bxd8 Nhf4+ 24. gxf4 Nxf4+ 25. Kh1 Nxd3 26. Bg5 g3 27. Be3 Nxb2
28. Bg1 O-O-O 29. hxg3 hxg3+ 30. Kg2 Rdg8 31. Ne2 Bf6 32. f4 Bh4 33. Rf3 Nc4
34. Rd1 Nd6 35. Nc3 f5 36. e5 Nc4 37. Ne3 Nb6 38. Rb1 Kc7 39. Rff1 Be7 40. Rfc1
Rd8 41. d5 exd5 42. Nxf5 Bb4 43. Nb5+ Kb8 44. Bxb6 Rdf8 45. Nbd4 Rh2+ 46. Kf3
g2 47. Rg1 c5 48. Rxb4 cxb4 49. e6 b3 50. e7 Rg8 51. Ne2 b2 52. Bd4 Rh5 53. Ng7
Rh3+ 54. Kf2 Rh1 55. Bxb2 1-0

[Event "Olimpiada Calviá 2004"]
[Site "Calviá ESP"]
[Date "2004.10.19"]
[Round "5.38"]
[White "Ribera Bazan, Jose"]
[Black "Mehmeti, Dritan"]
[Result "0-1"]
[WhiteElo "2147"]
[BlackElo "2346"]
[PlyCount "66"]
[EventDate "2004.10.15"]
[EventType "team"]
[EventRounds "14"]
[EventCountry "ESP"]
[Source "lmi"]
[SourceDate "2004.10.27"]

1. d4 Nf6 2. c4 c5 3. d5 b5 4. cxb5 a6 5. bxa6 g6 6. Nc3 Bxa6 7. e4 Bxf1 8.
Kxf1 d6 9. g3 Bg7 10. Kg2 Nbd7 11. Nf3 O-O 12. Re1 Ra6 13. Bg5 h6 14. Bxf6 Bxf6
15. Re2 Qa5 16. Rc1 Rb8 17. h4 Rab6 18. Rcc2 h5 19. Qc1 Qa6 20. Nd1 Qxa2 21. b4
Qa6 22. bxc5 Nxc5 23. Ra2 Qb7 24. Nc3 Rb4 25. Ng5 Rc4 26. Rec2 Rc8 27. Ne2 Nd3
28. Qd2 Rxc2 29. Rxc2 Rxc2 30. Qxd3 Qb2 31. Kf1 Rd2 32. Qf3 Qb5 33. Nh3 Rd3 0-1

[Event "Olimpiada Calviá 2004"]
[Site "Calviá ESP"]
[Date "2004.10.19"]
[Round "5.39"]
[White "Braga, Cicero"]
[Black "Pilaj, Herwig"]
[Result "1-0"]
[WhiteElo "2441"]
[BlackElo "2431"]
[PlyCount "79"]
[EventDate "2004.10.15"]
[EventType "team"]
[EventRounds "14"]
[EventCountry "ESP"]
[Source "lmi"]
[SourceDate "2004.10.27"]

1. e4 c5 2. d3 Nc6 3. g3 g6 4. Bg2 Bg7 5. f4 d6 6. Nf3 Nf6 7. O-O O-O 8. c3 Bg4
9. h3 Bxf3 10. Qxf3 Rc8 11. Na3 Nd7 12. Be3 b5 13. Nc2 Nb6 14. Kh1 Na4 15. Rab1
a5 16. d4 cxd4 17. cxd4 Ne5 18. Qd1 Nc4 19. Bc1 e5 20. fxe5 dxe5 21. d5 Qb6 22.
Qe2 b4 23. Ne3 Nd6 24. Ng4 Qb5 25. Qxb5 Nxb5 26. Nh6+ Bxh6 27. Bxh6 Rfd8 28.
Bg5 Rd6 29. Be7 Rb6 30. Bf6 Re8 31. Rf2 Nd6 32. Rc1 b3 33. axb3 Rxb3 34. Rc6
Nb5 35. d6 Nxd6 36. Rxd6 Nxb2 37. Rd7 a4 38. Bg5 Rxg3 39. Bh6 Rd3 40. Rdxf7 1-0

[Event "Olimpiada Calviá 2004"]
[Site "Calviá ESP"]
[Date "2004.10.19"]
[Round "5.39"]
[White "Lehner, Oliver"]
[Black "Fier, Alexander Hila"]
[Result "0-1"]
[WhiteElo "2420"]
[BlackElo "2365"]
[PlyCount "130"]
[EventDate "2004.10.15"]
[EventType "team"]
[EventRounds "14"]
[EventCountry "ESP"]
[Source "lmi"]
[SourceDate "2004.10.27"]

1. Nf3 Nf6 2. c4 Nc6 3. d4 e6 4. Nc3 Bb4 5. Qc2 d5 6. a3 Bxc3+ 7. Qxc3 Ne4 8.
Qc2 Qf6 9. e3 Qg6 10. g3 Ng5 11. Qd1 Nxf3+ 12. Qxf3 dxc4 13. Bxc4 O-O 14. Bd2
e5 15. d5 Bf5 16. O-O Ne7 17. Bb4 Rfe8 18. Qd1 Bh3 19. f3 Bxf1 20. Qxf1 Nf5 21.
Re1 Nd6 22. Bd3 f5 23. Bc2 Re7 24. Qh3 Rf8 25. Kh1 Qf7 26. Rd1 e4 27. f4 Rd7
28. Ba4 b5 29. Bb3 Rfd8 30. g4 fxg4 31. Qxg4 Nc4 32. d6 cxd6 33. Bc3 d5 34. Bd4
Na5 35. Ba2 Nc6 36. Bc3 Ne7 37. Rg1 Nf5 38. Qh3 g6 39. Bb3 Rc8 40. Be5 Kf8 41.
Rd1 Rc4 42. Bc3 Rxc3 43. bxc3 Kg7 44. Rb1 a6 45. a4 bxa4 46. Bxa4 Rb7 47. Rc1
Rb2 48. Qf1 Qf6 49. Qe1 Nh4 50. Rc2 Nf3 51. Qc1 Rxc2 52. Qxc2 Qb6 53. Qc1 Qa5
54. Qa3 Qd8 55. Qb2 Kh6 56. Qg2 Nh4 57. Qh3 Kg7 58. Bd7 Qf6 59. Qe6 Nf3 60. f5
Qh4 61. Qd6 Qe1+ 62. Kg2 Qe2+ 63. Kh3 Ng5+ 64. Kg3 Qf3+ 65. Kh4 Qh3+ 0-1

[Event "Olimpiada Calviá 2004"]
[Site "Calviá ESP"]
[Date "2004.10.19"]
[Round "5.40"]
[White "Rodriguez, Andres"]
[Black "Njobvu, Ignatius"]
[Result "1-0"]
[WhiteElo "2533"]
[BlackElo "2201"]
[PlyCount "57"]
[EventDate "2004.10.15"]
[EventType "team"]
[EventRounds "14"]
[EventCountry "ESP"]
[Source "lmi"]
[SourceDate "2004.10.27"]

1. e4 Nf6 2. e5 Nd5 3. d4 d6 4. c4 Nb6 5. exd6 exd6 6. Nc3 Be7 7. Bd3 Nc6 8.
Nge2 O-O 9. a3 Bg4 10. Qc2 g6 11. O-O Bf6 12. Be3 Re8 13. b4 a6 14. Rad1 Bg5
15. c5 Nd7 16. Bxg5 Qxg5 17. f3 Bh3 18. Rf2 Bf5 19. Bxf5 gxf5 20. f4 Qg6 21.
Rd3 Kh8 22. Rg3 Qf6 23. Nd5 Nxd4 24. Nxf6 Nxc2 25. Nxd7 Re6 26. cxd6 cxd6 27.
Rc3 Ne3 28. Nd4 Re4 29. Nf6 1-0

[Event "Olimpiada Calviá 2004"]
[Site "Calviá ESP"]
[Date "2004.10.19"]
[Round "5.40"]
[White "Pitlagano, Tebogo"]
[Black "Curi, Gabriel"]
[Result "0-1"]
[WhiteElo "2128"]
[BlackElo "2264"]
[PlyCount "66"]
[EventDate "2004.10.15"]
[EventType "team"]
[EventRounds "14"]
[EventCountry "ESP"]
[Source "lmi"]
[SourceDate "2004.10.27"]

1. e4 e6 2. d4 d5 3. e5 c5 4. c3 Qb6 5. Nf3 Nc6 6. a3 c4 7. Be2 f6 8. O-O fxe5
9. dxe5 Bc5 10. Nbd2 Nge7 11. b4 cxb3 12. Nxb3 O-O 13. Bd3 Nf5 14. Rb1 Be7 15.
Nbd4 Qc7 16. Bxf5 exf5 17. Nb5 Qd8 18. Re1 b6 19. Nbd4 Nxd4 20. Nxd4 Bc5 21. e6
Re8 22. Nxf5 Bxe6 23. Ne3 Qf6 24. Bb2 Rad8 25. Qa4 Qg6 26. Rbd1 Rf8 27. Qh4 Rd7
28. Re2 Rdf7 29. Qg3 Qh6 30. Bc1 Qh5 31. Rde1 Rf6 32. f3 Rg6 33. Qc7 Bc8 0-1

[Event "Olimpiada Calviá 2004"]
[Site "Calviá ESP"]
[Date "2004.10.19"]
[Round "5.40"]
[White "Carvalho, Guillermo"]
[Black "Khetho, Phemelo"]
[Result "1-0"]
[WhiteElo "2216"]
[BlackElo "2238"]
[PlyCount "65"]
[EventDate "2004.10.15"]
[EventType "team"]
[EventRounds "14"]
[EventCountry "ESP"]
[Source "lmi"]
[SourceDate "2004.10.27"]

1. c4 Nf6 2. Nc3 e6 3. e4 Nc6 4. Nf3 d5 5. e5 Ne4 6. Be2 Be7 7. O-O O-O 8. d4
f6 9. cxd5 exd5 10. Qb3 Nxc3 11. bxc3 Kh8 12. Be3 f5 13. c4 Na5 14. Qc3 Nxc4
15. Bxc4 dxc4 16. Qxc4 c6 17. Rfd1 f4 18. Bc1 Qe8 19. e6 b5 20. Qb3 a5 21. Re1
a4 22. Qd3 Bb4 23. e7 Rf6 24. Re5 Bd6 25. Ng5 g6 26. Bd2 Rf5 27. Rae1 Bxe5 28.
Rxe5 Rxe5 29. dxe5 Qxe7 30. e6 Bxe6 31. Bc3+ Kg8 32. Qd4 Qxg5 33. Qg7# 1-0

[Event "Olimpiada Calviá 2004"]
[Site "Calviá ESP"]
[Date "2004.10.19"]
[Round "5.40"]
[White "Oatlhotse, Providence"]
[Black "Larrea, Manuel"]
[Result "1-0"]
[WhiteElo "2128"]
[BlackElo "2279"]
[PlyCount "105"]
[EventDate "2004.10.15"]
[EventType "team"]
[EventRounds "14"]
[EventCountry "ESP"]
[Source "lmi"]
[SourceDate "2004.10.27"]

1. d4 d5 2. c4 c6 3. cxd5 cxd5 4. Nf3 Nf6 5. Nc3 Nc6 6. Bf4 a6 7. e3 Bg4 8. h3
Bxf3 9. Qxf3 e6 10. Bd3 Qb6 11. Qe2 Nb4 12. O-O Nxd3 13. Qxd3 Be7 14. Rac1 O-O
15. Rc2 Rac8 16. Rfc1 Rc6 17. Na4 Qb5 18. Qxb5 axb5 19. Rxc6 bxc6 20. Nb6 Ne4
21. Rxc6 h6 22. f3 Nf6 23. Nc8 Bb4 24. Bd6 Bxd6 25. Nxd6 Rb8 26. Rc8+ Rxc8 27.
Nxc8 Ne8 28. Kf2 Kf8 29. Ke2 Nc7 30. Kd2 Ke8 31. Kc3 Kd7 32. Na7 e5 33. dxe5
Ke6 34. Kb4 Kxe5 35. Nxb5 Na6+ 36. Kc3 Nc5 37. b3 f5 38. Nc7 g5 39. g3 h5 40.
f4+ gxf4 41. gxf4+ Ke4 42. h4 Kxe3 43. Nxd5+ Ke4 44. b4 Nb7 45. Kc4 Nd6+ 46.
Kc5 Nb7+ 47. Kc6 Nd8+ 48. Kd6 Nb7+ 49. Kc7 Kxd5 50. Kxb7 Ke4 51. Kc6 Kxf4 52.
b5 Kg4 53. b6 1-0

[Event "Olimpiada Calviá 2004"]
[Site "Calviá ESP"]
[Date "2004.10.19"]
[Round "5.41"]
[White "Ramirez, Alejandro"]
[Black "Abbas, Baha H"]
[Result "1-0"]
[WhiteElo "2519"]
[BlackElo "2213"]
[PlyCount "47"]
[EventDate "2004.10.15"]
[EventType "team"]
[EventRounds "14"]
[EventCountry "ESP"]
[Source "lmi"]
[SourceDate "2004.10.27"]

1. e4 e5 2. Nf3 Nc6 3. Bb5 a6 4. Bxc6 dxc6 5. O-O Qd6 6. Na3 Be6 7. Qe2 f6 8.
Rd1 c5 9. c3 O-O-O 10. d4 Bg4 11. Be3 exd4 12. cxd4 Qe6 13. dxc5 Rxd1+ 14. Rxd1
Qxe4 15. Rd4 Qe6 16. c6 Bxa3 17. Rd8+ Kxd8 18. cxb7 Qxa2 19. b8=Q+ Bc8 20. Qd1+
Bd6 21. Bb6 Ne7 22. Bxc7+ Ke8 23. Bxd6 Kf7 24. Bxe7 1-0

[Event "Olimpiada Calviá 2004"]
[Site "Calviá ESP"]
[Date "2004.10.19"]
[Round "5.41"]
[White "Albadri, Abd Al Sattar"]
[Black "Gonzalez, Bernal"]
[Result "1-0"]
[WhiteElo "2142"]
[BlackElo "2423"]
[PlyCount "89"]
[EventDate "2004.10.15"]
[EventType "team"]
[EventRounds "14"]
[EventCountry "ESP"]
[Source "lmi"]
[SourceDate "2004.10.27"]

1. d4 Nf6 2. c4 c5 3. d5 e6 4. Nc3 exd5 5. cxd5 d6 6. e4 g6 7. h3 Bg7 8. Nf3
O-O 9. Bd3 b5 10. Nxb5 Re8 11. O-O Nxe4 12. Qb3 a6 13. Na3 Nf6 14. Bf4 Qc7 15.
Nc4 Bf8 16. Rfe1 Nbd7 17. Rxe8 Nxe8 18. Ng5 Ndf6 19. Ne4 Rb8 20. Qa4 Rb4 21.
Qc2 Nxd5 22. Bd2 Rb8 23. Re1 Nef6 24. Bg5 Nxe4 25. Bxe4 Nb4 26. Qd2 Be6 27. b3
Qd7 28. Bf4 Rd8 29. a3 d5 30. Ne5 Qc8 31. Bxg6 hxg6 32. axb4 c4 33. Rc1 Bd6 34.
bxc4 Qb8 35. Qd4 dxc4 36. Bg3 Bf8 37. Nd7 Rxd7 38. Qxd7 Qxb4 39. Qd4 a5 40. Be5
a4 41. Rd1 a3 42. Qh4 f6 43. Qxf6 Bf5 44. Rd8 a2 45. Qg7# 1-0

[Event "Olimpiada Calviá 2004"]
[Site "Calviá ESP"]
[Date "2004.10.19"]
[Round "5.41"]
[White "Valdes, Leonardo"]
[Black "Abdul Adhim, Muneer"]
[Result "1/2-1/2"]
[WhiteElo "2372"]
[BlackElo "2202"]
[PlyCount "62"]
[EventDate "2004.10.15"]
[EventType "team"]
[EventRounds "14"]
[EventCountry "ESP"]
[Source "lmi"]
[SourceDate "2004.10.27"]

1. Nf3 d6 2. c4 g6 3. Nc3 Bg7 4. g3 e5 5. Bg2 Ne7 6. O-O O-O 7. d3 c6 8. Bd2 h6
9. b4 d5 10. cxd5 cxd5 11. Rc1 Be6 12. Na4 Nd7 13. Nc5 Nxc5 14. Rxc5 Rc8 15.
Rxc8 Qxc8 16. Qa4 a6 17. Rc1 Qb8 18. b5 Rc8 19. Rb1 axb5 20. Qxb5 Rc7 21. h4
Qc8 22. Kh2 f5 23. Ne1 e4 24. Bf4 Rd7 25. Qa4 Nc6 26. f3 Qe8 27. Kg1 Qe7 28.
Be3 Qd6 29. f4 d4 30. Bc1 Bd5 31. Rb5 Ne7 1/2-1/2

[Event "Olimpiada Calviá 2004"]
[Site "Calviá ESP"]
[Date "2004.10.19"]
[Round "5.41"]
[White "Hussein, Noah A"]
[Black "Hernandez Basante, Francisco"]
[Result "1/2-1/2"]
[WhiteElo "2349"]
[BlackElo "2283"]
[PlyCount "96"]
[EventDate "2004.10.15"]
[EventType "team"]
[EventRounds "14"]
[EventCountry "ESP"]
[Source "lmi"]
[SourceDate "2004.10.27"]

1. e4 c5 2. Nf3 Nc6 3. c3 d5 4. exd5 Qxd5 5. d4 Bg4 6. Be2 O-O-O 7. Be3 cxd4 8.
cxd4 e5 9. Nc3 Bb4 10. O-O Bxc3 11. bxc3 e4 12. Ne5 Bxe2 13. Qxe2 Nxe5 14. dxe5
Ne7 15. Bxa7 Qxe5 16. Qc4+ Nc6 17. Rab1 Qd5 18. Qa4 Qa5 19. Qxa5 Nxa5 20. Bb6
Rd5 21. c4 Re5 22. Rfd1 Nc6 23. Rd6 Rhe8 24. Rbd1 R5e6 25. R6d5 Re5 26. Kf1
Rxd5 27. cxd5 Ne5 28. Bd4 Kc7 29. Rb1 g6 30. a4 Nd3 31. a5 f5 32. g3 Re7 33.
Ke2 Kd6 34. Rb5 Rc7 35. Ba7 Rc2+ 36. Ke3 Nc5 37. Bxc5+ Rxc5 38. Rxb7 Rxa5 39.
Rxh7 Kxd5 40. Rh6 Ra3+ 41. Ke2 Ra2+ 42. Ke1 Ra1+ 43. Ke2 Ra2+ 44. Kf1 e3 45. f3
Kd4 46. Rxg6 Ra1+ 47. Ke2 Ra2+ 48. Ke1 Ra1+ 1/2-1/2

[Event "Olimpiada Calviá 2004"]
[Site "Calviá ESP"]
[Date "2004.10.19"]
[Round "5.42"]
[White "Sharavdorj, Dashzeveg"]
[Black "Matamoros Franco, Carlos S"]
[Result "1/2-1/2"]
[WhiteElo "2466"]
[BlackElo "2513"]
[PlyCount "89"]
[EventDate "2004.10.15"]
[EventType "team"]
[EventRounds "14"]
[EventCountry "ESP"]
[Source "lmi"]
[SourceDate "2004.10.27"]

1. d4 Nf6 2. Nf3 g6 3. c4 Bg7 4. Nc3 O-O 5. e4 d6 6. Be2 e5 7. Be3 Na6 8. O-O
Ng4 9. Bg5 Qe8 10. dxe5 dxe5 11. h3 h6 12. Bd2 Nf6 13. Be3 Qe7 14. a3 c6 15. b4
Nh5 16. Re1 Qf6 17. Ra2 Nf4 18. Bf1 Rd8 19. Rd2 Rxd2 20. Qxd2 g5 21. Rd1 Be6
22. Nh2 Nc7 23. Na4 Qg6 24. Qd6 Rc8 25. Bxa7 Qxe4 26. Nc5 Qc2 27. Nxb7 Bxc4 28.
Bxc4 Qxc4 29. Na5 Qe2 30. Rf1 Nb5 31. Qd7 Nxa7 32. Qxa7 Qe4 33. Nf3 Nxh3+ 34.
gxh3 Qxf3 35. Qd7 Rf8 36. Nxc6 Qxa3 37. b5 Qb3 38. Ne7+ Kh8 39. Rc1 e4 40. Nd5
Qd3 41. Rc8 Qd1+ 42. Kg2 Qf3+ 43. Kg1 Qd1+ 44. Kg2 Qf3+ 45. Kg1 1/2-1/2

[Event "Olimpiada Calviá 2004"]
[Site "Calviá ESP"]
[Date "2004.10.19"]
[Round "5.42"]
[White "Santos Flores, Alberto"]
[Black "Hatanbaatar, Bazar"]
[Result "0-1"]
[WhiteElo "2326"]
[BlackElo "2427"]
[PlyCount "112"]
[EventDate "2004.10.15"]
[EventType "team"]
[EventRounds "14"]
[EventCountry "ESP"]
[Source "lmi"]
[SourceDate "2004.10.27"]

1. e4 c5 2. Nf3 Nc6 3. Nc3 e6 4. d4 cxd4 5. Nxd4 Qc7 6. g3 a6 7. Bg2 Nf6 8. O-O
Be7 9. Re1 d6 10. Nb3 O-O 11. a4 b6 12. f4 Bb7 13. f5 Rfe8 14. fxe6 fxe6 15.
Ne2 e5 16. Nc3 Nb4 17. Bg5 h6 18. Bxf6 Bxf6 19. Nd2 Rad8 20. Nf1 Qc5+ 21. Kh1
Rf8 22. Ne3 Bg5 23. Ned5 Rf2 24. Re2 Rdf8 25. h4 Bd8 26. Rxf2 Rxf2 27. Qh5 Nxc2
28. Rc1 Bc8 29. Nd1 Rxg2 30. Kxg2 Ne1+ 31. Kf1 Qxc1 32. Qe8+ Kh7 33. Kxe1 Bg4
34. N5e3 Bxd1 35. Nxd1 Bf6 36. Qe6 Qc5 37. Qf5+ Kh8 38. Qg6 d5 39. h5 Qb4+ 40.
Nc3 dxe4 41. Qe8+ Kh7 42. Qg6+ Kg8 43. Qe8+ Qf8 44. Qe6+ Qf7 45. Qxb6 Qxh5 46.
Qxa6 Qh1+ 47. Qf1 Qh2 48. Nxe4 Be7 49. Qf2 Qh1+ 50. Kd2 Qxe4 51. Qa7 Bb4+ 52.
Kc1 Kh7 53. Qb6 Be7 54. a5 Qd3 55. b4 Qc3+ 56. Kd1 Bxb4 0-1

[Event "Olimpiada Calviá 2004"]
[Site "Calviá ESP"]
[Date "2004.10.19"]
[Round "5.42"]
[White "Erhembayar, Duurenbayar"]
[Black "Pazos Gambarrotti, Plinio"]
[Result "1/2-1/2"]
[WhiteElo "2332"]
[BlackElo "2400"]
[PlyCount "61"]
[EventDate "2004.10.15"]
[EventType "team"]
[EventRounds "14"]
[EventCountry "ESP"]
[Source "lmi"]
[SourceDate "2004.10.27"]

1. d4 Nf6 2. c4 c5 3. d5 b5 4. cxb5 a6 5. bxa6 Bxa6 6. Nc3 d6 7. Nf3 g6 8. g3
Bg7 9. Bg2 O-O 10. O-O Nbd7 11. h3 Qa5 12. Re1 Rfb8 13. e4 Ne8 14. Qc2 Nc7 15.
Bd2 Nb5 16. Nxb5 Qxb5 17. Bc3 Bxc3 18. bxc3 Qb2 19. Qxb2 Rxb2 20. e5 Bc4 21.
exd6 exd6 22. Re7 Nf6 23. Ng5 Bxd5 24. Nxf7 Kf8 25. Rae1 Bxg2 26. Kxg2 Raxa2
27. Nxd6 Rxf2+ 28. Kg1 Rg2+ 29. Kh1 Rh2+ 30. Kg1 Rag2+ 31. Kf1 1/2-1/2

[Event "Olimpiada Calviá 2004"]
[Site "Calviá ESP"]
[Date "2004.10.19"]
[Round "5.42"]
[White "Gonzalez Davila, Richard"]
[Black "Byambaa, Zulzaga"]
[Result "0-1"]
[WhiteElo "2202"]
[BlackElo "2299"]
[PlyCount "134"]
[EventDate "2004.10.15"]
[EventType "team"]
[EventRounds "14"]
[EventCountry "ESP"]
[Source "lmi"]
[SourceDate "2004.10.27"]

1. e4 d6 2. d4 Nf6 3. Nc3 g6 4. Bg5 Bg7 5. f4 c6 6. Nf3 d5 7. Bd3 Nxe4 8. Nxe4
dxe4 9. Bxe4 Nd7 10. Qd2 O-O 11. O-O-O Nb6 12. Bd3 Bg4 13. Qf2 Qd5 14. Kb1 Be6
15. b3 Bf5 16. Rhe1 Bxd3 17. Rxd3 h6 18. Bh4 Rfe8 19. Ne5 a5 20. g4 a4 21. g5
Nc8 22. Qe2 Nd6 23. Qf3 axb3 24. cxb3 Qxf3 25. Rxf3 h5 26. Bf2 Nf5 27. Rd3 Rad8
28. Kc2 e6 29. a4 Rd5 30. b4 Red8 31. Red1 Bf8 32. Kb3 Bd6 33. a5 Rb5 34. Be1
Ne7 35. Kc4 Nd5 36. Rb1 Nxf4 37. Rf3 Bxe5 38. dxe5 Nd5 39. Ra1 Nc7 40. Bc3 Rbd5
41. Raf1 R8d7 42. R1f2 Nb5 43. Bb2 Rd1 44. Kc5 Nc7 45. h4 R1d5+ 46. Kc4 Nb5 47.
Rf4 Nc7 48. Bc3 Rd1 49. Rd4 R7xd4+ 50. Bxd4 Rc1+ 51. Kb3 Nd5 52. Ra2 Rb1+ 53.
Bb2 Nc7 54. Kc4 Rh1 55. Kc5 Nd5 56. Ba3 Rxh4 57. b5 cxb5 58. Rc2 Ra4 59. Bb2
Rxa5 60. Kd6 Ra6+ 61. Kd7 Rc6 62. Rf2 b4 63. Rf1 Rc4 64. Ke8 h4 65. Ba1 h3 66.
Bd4 h2 67. Bf2 Rf4 0-1

[Event "Olimpiada Calviá 2004"]
[Site "Calviá ESP"]
[Date "2004.10.19"]
[Round "5.43"]
[White "Ovalle, Ramon"]
[Black "Khamdamov, Suhrob"]
[Result "0-1"]
[WhiteElo "2184"]
[BlackElo "2150"]
[PlyCount "62"]
[EventDate "2004.10.15"]
[EventType "team"]
[EventRounds "14"]
[EventCountry "ESP"]
[Source "lmi"]
[SourceDate "2004.10.27"]

1. e4 c5 2. Nf3 Nc6 3. c3 e6 4. d4 d5 5. exd5 exd5 6. dxc5 Bxc5 7. Be3 Bxe3 8.
Qe2 Nge7 9. Qxe3 O-O 10. Bd3 Nf5 11. Qf4 Re8+ 12. Kf1 g6 13. Bxf5 Bxf5 14. Nbd2
Qb6 15. g4 Bd3+ 16. Kg2 Re2 17. Rhf1 Qxb2 18. Rae1 Qxc3 19. Rxe2 Bxe2 20. Rb1
b6 21. Rb3 Bxf3+ 22. Nxf3 Qc4 23. Qg5 Re8 24. h3 d4 25. Qh6 Qd5 26. Kg1 d3 27.
Rxd3 Qxd3 28. Ng5 Re1+ 29. Kh2 Qd6+ 30. Kg2 Qd5+ 31. Kg3 Qe5+ 0-1